| 000 | 00601nam a22002057a 4500 | ||
|---|---|---|---|
| 003 | OSt | ||
| 005 | 20140310182320.0 | ||
| 008 | 130920t xxu||||| |||| 00| 0 eng d | ||
| 020 | _a0865923930 | ||
| 050 |
_aBJ 1481 _b.G62 1989 |
||
| 082 |
_aGS 170.20222 _bG581 1988 |
||
| 100 |
_aGoley, Elaine _921110 |
||
| 245 |
_aJoy / _cElaine P. Goley. |
||
| 260 |
_aVero Beach, Florida : _bRourke Enterprises, _c1989. |
||
| 300 |
_a32 p. : _bcol. ill. ; _c26 cm. |
||
| 650 |
_aJoy _xJuvenile literature. _921132 |
||
| 650 |
_aAltruism _xJuvenile literature. _921133 |
||
| 942 |
_2lcc _cBK-GS |
||
| 999 |
_c11808 _d11808 |
||